000 01126nam0a22002891 4500
001 v19\rc\1888721
005 20251118180354.3
035 _a(NLR Aleph) 004976639
090 _a6141226
_c6141226
100 _a20080221d1910 u y0rusy50 ca
101 0 _arus
102 _aRU
105 _aa z |||||
200 1 _aПроект общей съемки города С.-Петербурга
_eДокл. гор. землемера, межевого инж. С.С. Цветкова, чит. в Комис. по приведению в известность гор. земел. инвентаря
210 _aСанкт-Петербург
_cСпб. гор. тип.
_d1910
215 _a28 с.
_cтабл.
_d24
532 1 2 _aПроект общей съемки города Санкт-Петербурга
700 1 _aЦветков
_bС.С.
_f1863-
_gСергей Сергеевич
801 0 _aRU
_bNLR
_gpsbo
801 0 _aRU
_bRuMoRGB
_2psbo
801 1 _aRU
_bProSoft-M
_2rusmarc
852 _aNLR
_j34.87.5.114
899 _aRuMoRGB
_jV 122/881
899 _aБАН
899 _aНБ МГУ
942 _cBOOK
980 _aNB